<?xml version="1.0" encoding="UTF-8"?>
<record
    xmlns:xsi="http://www.w3.org/2001/XMLSchema-instance"
    xsi:schemaLocation="http://www.loc.gov/MARC21/slim http://www.loc.gov/standards/marcxml/schema/MARC21slim.xsd"
    xmlns="http://www.loc.gov/MARC21/slim">

  <leader>02285cam a22003371  4500</leader>
  <controlfield tag="001">gs 43000063 </controlfield>
  <controlfield tag="003">DLC</controlfield>
  <controlfield tag="005">20260227111349.0</controlfield>
  <controlfield tag="008">770531s1942    ksuab         000 0 eng c</controlfield>
  <datafield tag="010" ind1=" " ind2=" ">
    <subfield code="a">gs 43000063 </subfield>
  </datafield>
  <datafield tag="035" ind1=" " ind2=" ">
    <subfield code="a">(OCoLC)3006679</subfield>
  </datafield>
  <datafield tag="040" ind1=" " ind2=" ">
    <subfield code="a">U. S. Geol. survey. Library</subfield>
    <subfield code="c">OT</subfield>
    <subfield code="d">OCoLC</subfield>
    <subfield code="d">DLC</subfield>
  </datafield>
  <datafield tag="042" ind1=" " ind2=" ">
    <subfield code="a">premarc</subfield>
  </datafield>
  <datafield tag="050" ind1="0" ind2="0">
    <subfield code="a">QE113</subfield>
    <subfield code="b">.A2 no. 43</subfield>
  </datafield>
  <datafield tag="082" ind1=" " ind2=" ">
    <subfield code="a">557.81 s</subfield>
  </datafield>
  <datafield tag="100" ind1="1" ind2=" ">
    <subfield code="a">Waite, Herbert Ames,</subfield>
    <subfield code="d">1910-</subfield>
  </datafield>
  <datafield tag="245" ind1="0" ind2="0">
    <subfield code="a">Geology and ground-water resources of Ford County, Kansas /</subfield>
    <subfield code="c">by Herbert A. Waite ; analyses by Robert H. Hess.</subfield>
  </datafield>
  <datafield tag="260" ind1=" " ind2=" ">
    <subfield code="a">Topeka :</subfield>
    <subfield code="b">Kansas state printing plant,</subfield>
    <subfield code="c">1942.</subfield>
  </datafield>
  <datafield tag="300" ind1=" " ind2=" ">
    <subfield code="a">250 p. :</subfield>
    <subfield code="b">incl. illus., tables, 3 fold. maps (in pocket), fold. profile ;</subfield>
    <subfield code="c">23 cm.</subfield>
  </datafield>
  <datafield tag="490" ind1="0" ind2=" ">
    <subfield code="a">Kansas.  State geological survey.  Bulletin 43</subfield>
  </datafield>
  <datafield tag="500" ind1=" " ind2=" ">
    <subfield code="a">University of Kansas publications, December, 1942.</subfield>
  </datafield>
  <datafield tag="500" ind1=" " ind2=" ">
    <subfield code="a">At head of title: State geological survey of Kansas, Raymond C. Moore ... state geologist and director ... John C. Frye, Ph. D., assistant state geologist and assistant director.  Division of ground water, Stanley W. Lohman, geologist in charge.</subfield>
  </datafield>
  <datafield tag="500" ind1=" " ind2=" ">
    <subfield code="a">Prepared by the U. S. Geological survey and the State geological survey of Kansas, with the co&#xF6;peration of the Division of sanitation of the Kansas State board of health, and the Division of water resources of the Kansas State board of agriculture.</subfield>
  </datafield>
  <datafield tag="501" ind1=" " ind2=" ">
    <subfield code="a">With : Geophysical investigations in the Tri-state zinc and lead mining district / by J. J. Jakosky, R. M. Dreyer, and C. H. Wilson, 1942 -- Geology and ground-water resources of Meade County, Kansas / by John C. Frye, 1942.  Bound together subsequent to publication.</subfield>
    <subfield code="5">DLC</subfield>
  </datafield>
  <datafield tag="501" ind1=" " ind2=" ">
    <subfield code="a">Copy 2 With : Geophysical investigations in the Tri-state zinc and lead mining district / by J. J. Jakosky, R. M. Dreyer, and C. H. Wilson, 1942 -- Geology and ground-water resources of Meade County, Kansas / by John C. Frye, 1942 -- Coal resources of the Douglas group in east-central Kansas / by Arthur L. Bowsher and John M. Jewett, 1943.  Bound together subsequent to publication.</subfield>
    <subfield code="5">DLC</subfield>
  </datafield>
  <datafield tag="504" ind1=" " ind2=" ">
    <subfield code="a">Bibliography: p. 170.</subfield>
  </datafield>
  <datafield tag="650" ind1=" " ind2="0">
    <subfield code="a">Water-supply</subfield>
    <subfield code="z">Kansas</subfield>
    <subfield code="z">Ford County.</subfield>
  </datafield>
  <datafield tag="650" ind1=" " ind2="0">
    <subfield code="a">Geology</subfield>
    <subfield code="z">Kansas</subfield>
    <subfield code="z">Ford County.</subfield>
  </datafield>
  <datafield tag="700" ind1="1" ind2=" ">
    <subfield code="a">Hess, Robert Harlan,</subfield>
    <subfield code="d">1910-</subfield>
  </datafield>
  <datafield tag="710" ind1="2" ind2=" ">
    <subfield code="a">Geological Survey (U.S.)</subfield>
  </datafield>
  <datafield tag="999" ind1=" " ind2=" ">
    <subfield code="c">27905</subfield>
    <subfield code="d">27905</subfield>
  </datafield>
</record>
